Artistas Nordestinos - Morte Súbita - Statistics

Estatísticas Gerais
  • Esse quiz foi jogado 264 vezes
  • A pontuação média é 7 de 16
Answers on the Grid
Answers color-coded by a green-red scale on the quiz's grid according to % correct below.
Alceu Valença
Alcione
Caetano Veloso
Camila Pitanga
Carlinhos Brown
Carlos Drummond de Andrade
Clarice Lispector
Claudia Leitte
Djavan
Elba Ramalho
Fabiana Karla
Gonzaguinha
Graciliano Ramos
Hebe Camargo
Isis Valverde
Ivete Sangalo
Jorge Amado
José de Alencar
Juliana Paes
Lázaro Ramos
Luis Gonzaga
Machado de Assis
Maria Bethânia
Mariana Ximenes
Marisa Monte
Michel Teló
Murilo Benício
Paolla Oliveira
Pitty
Seu Jorge
Wagner Moura
Wanessa Camargo
 
Estatísticas das Respostas
Resposta % Correto
Ivete Sangalo
57%
Carlinhos Brown
56%
Luis Gonzaga
53%
Wagner Moura
49%
Caetano Veloso
46%
Jorge Amado
46%
Lázaro Ramos
46%
Elba Ramalho
43%
Maria Bethânia
43%
Alceu Valença
41%
Djavan
41%
Pitty
39%
Alcione
34%
Graciliano Ramos
28%
Fabiana Karla
25%
José de Alencar
24%
Nenhum quiz correspondente encontrado
Distribuição das Pontuações
Porcentagem de Pessoas com Cada Pontuação
Percentil de Números Respondidos
Sua Pontuação Histórica
Você não jogou esse quiz